College physics / (Record no. 22191)

000 -LEADER
fixed length control field 00653cam a22002174a 4500
020 ## - INTERNATIONAL STANDARD BOOK NUMBER
ISBN 9780072564365 (hardcover : acidfree paper)
020 ## - INTERNATIONAL STANDARD BOOK NUMBER
ISBN 0072564369
040 ## - CATALOGING SOURCE
Transcribing agency DLC
082 00 - DEWEY DECIMAL CLASSIFICATION NUMBER
Classification number 530 COL 2007 C324 Or.
100 1# - MAIN ENTRY--AUTHOR NAME
Personal name Giambattista, Alan.
245 10 - TITLE STATEMENT
Title College physics /
250 ## - EDITION STATEMENT
Edition statement 2nd ed.
260 ## - PUBLICATION, DISTRIBUTION, ETC. (IMPRINT)
Place of publication New York :
Name of publisher McGraw-Hill Higher Education,
Year of publication c2007.
300 ## - PHYSICAL DESCRIPTION
Number of Pages 1 v. (various pagings) :
Other physical details col. ill. ;
Dimensions 29 cm.
500 ## - GENERAL NOTE
General note Includes index.
650 #0 - SUBJECT ADDED ENTRY--TOPICAL TERM
Topical Term Physics.
700 1# - ADDED ENTRY--PERSONAL NAME
Personal name Richardson, Betty McCarthy.
700 1# - ADDED ENTRY--PERSONAL NAME
Personal name Richardson, Robert C.
856 41 - ELECTRONIC LOCATION AND ACCESS
Uniform Resource Identifier http://www.loc.gov/catdir/toc/ecip0519/2005027977.html
942 ## - ADDED ENTRY ELEMENTS (KOHA)
Koha item type ADB
952 ## - LOCATION AND ITEM INFORMATION (KOHA)
Withdrawn status [LOCAL, KOHA] 0
Holdings
Permanent Location Date acquired Koha item type Lost status Shelving location Barcode Current Location Full call number
Library Block C2023-11-14ADB C324a15320Library Block C530 COL 2007 C324 Or.
មជ្ឈមណ្ឌលឯការនៃសាកលវិទ្យាល័យភូមិន្ទកសិកម្មចំការដូង

Powered by Koha